Suite francesa (Registo nº 5980)
[ vista simples ]
| 000 -Etiqueta do registo | |
|---|---|
| Valores | 01511nam a2200241 4500 |
| 010 ## - Número ISBN | |
| ISBN | 9722028693 |
| 021 ## - Número do Depósito Legal | |
| Número | 233292/05 |
| 100 ## - Dados gerais de processamento | |
| Dados gerais | 20211231d2005 m||y0pory5003 ba |
| 200 1# - Titulo e menção de responsabilidade | |
| Título próprio | Suite francesa |
| Primeira menção de responsabilidade | Irène Némirovsky |
| Outras menções de responsabilidade | trad. Carlos Correia Monteiro de Oliveira |
| 210 #9 - Publicação | |
| Local de publicação | Lisboa |
| Nome do editor | Dom Quixote |
| Data de publicação | 2005 |
| 215 ## - Descrição física | |
| Paginação / Volumes | 579, [3] p. |
| 225 2# - Colecção | |
| Título próprio da colecção | Ficção universal |
| 304 ## - Nota relativa ao título | |
| Texto de nota | Tít. orig.: Suite française |
| 330 ## - Sumário ou Resumo | |
| Texto da nota | Escrito em plena tormenta da História, Suíte Francesa descreve quase em directo o Êxodo de Junho de 1940, que reuniu numa desordem trágica famílias francesas de todos os quadrantes, das mais abastadas às mais modestas. Com grande ventura Irène Némirovsky persegue as inúmeras pequenas cobardias e os fracos gestos de solidariedade de uma população à deriva. Cocottes abandonadas pelos amantes, grandes burgueses enojados com a populaça, feridos abandonados em quintas entopem as estradas de França bombardeadas ao acaso…Pouco a pouco, o inimigo toma posse de um país inerte e amedrontado. Como tantas outras,a aldeia de Bussy é então obrigada a acolher o exército ocupante. Exacerbadas pela sua presença, as tensões sociais e as frustrações dos habitantes despertam… |
| 606 ## - Nome comum usado como assunto | |
| ID Autoridade | 13 |
| Palavra de ordem | Literatura Estrangeira |
| 675 ## - CDU | |
| Notação | 821.133.1-31"19" |
| Edição | BN |
| Língua | por |
| 700 ## - Autor principal (pessoa individual) | |
| Apelido | Némirovsky |
| Nome | Irène |
| Datas | 1903-1942 |
| ID Autoridade | 5660 |
| 702 ## - Autor secundário (pessoa individual) | |
| Apelido | Oliveira |
| Nome | Carlos Correia Monteiro |
| ID Autoridade | 2770 |
| 801 #0 - Fonte de origem | |
| País | PT |
| Agência | BMVN |
| Regras de catalogação | RPC |
| 830 ## - Notas gerais do catalogador | |
| Criado por | Inês Silva |
| Data de criação | 31/12/2021 |
| 990 ## - Elementos KOHA | |
| Tipo de documento | Livro |
| Situação do levantamento | Biblioteca de origem | Código de barras | Cota | Permissão de empréstimo | Tipo de documento | Forma de aquisição |
|---|---|---|---|---|---|---|
| Biblioteca Municipal de Vendas Novas | 100000033726 | LE NEM/SUI | Livro |